|
|
|
|
| LEADER |
00000cam a2200000 7i4500 |
| 001 |
0000000856 |
| 005 |
20001016.0 |
| 020 |
0 |
0 |
|a 9679422356
|
| 090 |
0 |
0 |
|a 551.457095951
|b COA 1992
|
| 245 |
0 |
4 |
|a The COASTAL zone of Peninsular Malaysia
|c edited by H. D. Tjia , Sharifah Mastura Syed Abdullah
|
| 260 |
0 |
0 |
|a Bangi :
|b Penerbit UKM ,
|c 1992
|
| 300 |
|
|
|a 129 p. :
|b ill., maps ;
|c 25 cm.
|
| 500 |
0 |
0 |
|a Includes bibliographical references
|
| 650 |
0 |
0 |
|a Coastal ecology
|z Malaysia
|
| 650 |
0 |
0 |
|a Coastal zone management
|z Malaysia
|
| 650 |
0 |
0 |
|a Coasts
|z Malaysia
|
| 700 |
0 |
1 |
|a Sharifah Mastura Syed Abdullah
|
| 700 |
0 |
1 |
|a Tjia
|h H. D.
|
| 999 |
|
|
|a 0000001844
|b Monograph
|c Open Shelf
|e Default branch
|